Ari / (Registro nro. 8341)

Detalles MARC
000 -LIDER
fixed length control field 00832nam a2200289 a 4500
001 - NÚMERO DE CONTROL
Identificador de número de control 0030
003 - IDENTIFICACDOR DE NÚMERO DE CONTROL
control field DO-SdBNP
005 - DATE AND TIME OF LATEST TRANSACTION
control field 20180220133044.0
007 - CAMPOS FIJOS DE DESCRIPCIÓN FÍSICA
fixed length control field 000044243
008 - ELEMENTOS DE LONGITUD FIJA
fixed length control field 140611s1985 madri 000 0 spa d
020 ## - ISBN
International Standard Book Number 8434827700
040 ## - FUENTE DE CATALOGACIÓN
Agencia que crea de manera original el registro BPMSU
Idioma de catalogación spa
Agencia que realiza la transcripción BPMSU
092 ## - LOCALLY ASSIGNED DEWEY DECIMAL CALL NUMBER
Número de clasificación xxxxxx
Número de ítem (Cutter) xxxxxx
100 1# - ASIENTO PRINCIPAL -- NOMBRE PERSONAL
Nombre personal Moray Williams, Ursula
245 14 - MENCIÓN DE TITULO
Título Ari /
Mención de responsabilidad Ursula Moray Williams ; Traducción del inglés Ana Moret.
260 ## - PUBLICACIÓN, DISTRIBUCIÓN, ETC. (PIE DE IMPRENTA)
Lugar de publicación, distribución, etc Madrid :
Nombre del editor, distribuidor, etc. SM,
Fecha de publicación, distribución, etc 1985.
300 ## - DESCRIPCIÓN FÍSICA
Extensión 155 p. :
Dimensiones 19 cm.
490 1# - MENCIÓN DE SERIES
Mención de serie El barco de vapor
Volume/sequential designation 3
700 1# - ASIENTO SECUNDARIO -- NOMBRE PERSONAL
Nombre personal Moret, Ana,
Mención de responsabilidad tr.
830 #0 - ASIENTO SECUNDARIO DE SERIE--TÍTULO UNIFORME
Título uniforme El barco de vapor
Número de la parte o sección de una obra 3
930 #1 - EQUIVALENCE OR CROSS-REFERENCE-UNIFORM TITLE HEADING [LOCAL, CANADA]
Language of a work BND01
Medium of performance for music LF1
Field link and sequence number 20140611
Date of a work 01
Name of part/section of a work HD
Miscellaneous information 45135
930 #1 - EQUIVALENCE OR CROSS-REFERENCE-UNIFORM TITLE HEADING [LOCAL, CANADA]
Language of a work BND01
Medium of performance for music LF1
Field link and sequence number 20140611
Date of a work 01
Name of part/section of a work HD
Miscellaneous information 45135
942 ## - ADDED ENTRY ELEMENTS (KOHA)
Source of classification or shelving scheme Dewey Decimal Classification
Koha item type Libros
945 ## - INFORMACIÓN DE PROCESAMIENTO LOCAL
Información de procesamiento local Inventariado, 2018 / BT
956 ## - LOCAL ELECTRONIC LOCATION AND ACCESS (OCLC)
Nombre de host DGARCIA
Número de acceso 10
Información de compresión 20140611
Inicio de sesión BND01
Procesador de solicitud 0934
956 ## - LOCAL ELECTRONIC LOCATION AND ACCESS (OCLC)
Inicio de sesión BND01
Procesador de solicitud 1103
Existencias
Withdrawn status Lost status Source of classification or shelving scheme Damaged status Not for loan Collection code Home library Current library Date acquired Source of acquisition Total Checkouts Barcode Date last seen Price effective from Koha item type
    Dewey Decimal Classification     Colección Infantil General Biblioteca Pública Metropolitana Salomé Ureña Biblioteca Pública Metropolitana Salomé Ureña 02/20/2018 Agencia de Cooperación Internacional del Japón   BPMSU18020201 02/20/2018 02/20/2018 Libros